[Event "Nuremberg Zabo op 17th"]
[Site "Nuremberg"]
[Date "2015.09.21"]
[Round "5"]
[White "Braun, Kristin"]
[Black "Voelk, Tobias"]
[Result "1-0"]
[WhiteElo "1633"]
[BlackElo "1240"]
[PlyCount "98"]
[EventDate "2015.09.21"]
[EventType "swiss"]
[EventRounds "5"]
[EventCountry "GER"]
[SourceTitle "EXT 2018"]
[Source "ChessBase"]
[SourceDate "2017.10.13"]
[SourceVersion "1"]
[SourceVersionDate "2017.10.13"]
[SourceQuality "1"]

1. d4 d5 2. Nf3 Nf6 3. e3 c5 4. b3 cxd4 5. exd4 Bf5 6. Bd3 Bxd3 7. Qxd3 e6 8. Ne5 Nc6 9. Bg5 Be7 10. 0-0 0-0 11. Nxc6 bxc6 12. Nd2 c5 13. Rfe1 Qc7 14. c4 cxd4 15. cxd5 Nxd5 16. Bxe7 Qxe7 17. Qxd4 Nb4 18. Qe4 Rfd8 19. Nc4 Rac8 20. a3 Nd5 21. Rac1 Nb6 22. Nxb6 axb6 23. b4 b5 24. Rc6 Rxc6 25. Qxc6 Qd7 26. Qxd7 Rxd7 27. Rc1 Rd8 28. Kf1 Kf8 29. Rc5 Ra8 30. Rxb5 Rxa3 31. Ke2 Ke7 32. Rb7+ Kd8 33. Kd2 Ra2+ 34. Ke3 Ra1 35. h4 h5 36. g3 g6 37. b5 Rd1 38. b6 Rd7 39. Rxd7+ Kxd7 40. Kd4 Kd6 41. b7 e5+ 42. Kc4 Kc7 43. Kd5 Kxb7 44. Kxe5 Kc6 45. Kf6 Kd5 46. Kxf7 Ke4 47. Kxg6 Kf3 48. Kxh5 Kxf2 49. g4 Kg3 1-0

[Event "Nuremberg Zabo op 17th"]
[Site "Nuremberg"]
[Date "2015.09.21"]
[Round "1"]
[White "Schloetterer, Hermann"]
[Black "Voelk, Tobias"]
[Result "1-0"]
[WhiteElo "1841"]
[BlackElo "1240"]
[PlyCount "25"]
[EventDate "2015.09.21"]
[EventType "swiss"]
[EventRounds "5"]
[EventCountry "GER"]
[SourceTitle "EXT 2018"]
[Source "ChessBase"]
[SourceDate "2017.10.13"]
[SourceVersion "1"]
[SourceVersionDate "2017.10.13"]
[SourceQuality "1"]

1. d4 d5 2. g3 Nf6 3. Bg2 Bf5 4. Nf3 e6 5. 0-0 Bd6 6. c4 0-0 7. Nc3 Nbd7 8. Bg5 h6 9. Bd2 c6 10. b3 Qc7 11. cxd5 exd5 12. Rc1 Ba3 13. Nb5 1-0